Cours de géométrie: classes de 2me. et de 1re. Livre du Maitre

Saved in:
Bibliografiske detaljer
Format: Bog
Sprog:fransk
Udgivet: París Ligel 1956
Serier:Cours de Mathématiques Elémentaires, 266
Fag:
Tags: Tilføj Tag
Ingen Tags, Vær først til at tagge denne postø!

MARC

LEADER 00000nam a2200000 a 4500
001 UCW1608
003 CL-VaPUC
008 920817e19560000FR |||||||||||||||||fre|d
082 0 4 |a 516  |b COU  |2 21 
245 1 0 |a Cours de géométrie: classes de 2me. et de 1re. Livre du Maitre 
300 |a 582 p 
942 |c BK 
945 |d 19920817 00:00:00 
260 |a París  |b Ligel  |c 1956 
650 0 |a Geometría   |9 264063 
650 0 |a Libros de texto  |9 270019 
650 0 |a Problemas, ejercicios, etc  |9 259377 
583 |a last modification  |c 19920817 00:00:00  |k Rodrigo Vera 
490 0 |a Cours de Mathématiques Elémentaires, 266 
999 |c 216478  |d 216476 
952 |0 0  |1 0  |4 0  |6 516_000000000000000_COU_1956  |7 0  |8 A  |9 202214  |a BIBMAT  |b BIBMAT  |d 2019-11-14  |i 269333K  |o 516 COU 1956  |p 269333K  |r 2025-01-07  |w 2019-11-14  |y BK  |k MAT